Welcome to CU Library Online Public Access Catalogue (OPAC)

Administrative law / (Record no. 561)

MARC details
000 -LEADER
fixed length control field 01203cam a2200289 a 4500
001 - CONTROL NUMBER
control field 15702386
005 - DATE AND TIME OF LATEST TRANSACTION
control field 20241102143443.0
008 - FIXED-LENGTH DATA ELEMENTS--GENERAL INFORMATION
fixed length control field 090416s2009 enk b 001 0 eng
020 ## - INTERNATIONAL STANDARD BOOK NUMBER
International Standard Book Number 9780199231614 (hbk. : alk. paper)
020 ## - INTERNATIONAL STANDARD BOOK NUMBER
International Standard Book Number 9780199219735 (pbk. : alk. paper)
020 ## - INTERNATIONAL STANDARD BOOK NUMBER
International Standard Book Number 0199219737 (pbk. : alk. paper)
020 ## - INTERNATIONAL STANDARD BOOK NUMBER
International Standard Book Number 9780199231614
020 ## - INTERNATIONAL STANDARD BOOK NUMBER
International Standard Book Number 0199231613
050 00 - LIBRARY OF CONGRESS CALL NUMBER
Classification number KD4879
Item number .W3 2009
082 00 - DEWEY DECIMAL CLASSIFICATION NUMBER
Classification number 342.41/06
Edition information 22
245 10 - TITLE STATEMENT
Title Administrative law /
Statement of responsibility, etc. editors: late William Wade and Christopher Forsyth.
250 ## - EDITION STATEMENT
Edition statement 10th ed.
260 ## - PUBLICATION, DISTRIBUTION, ETC.
Place of publication, distribution, etc. Oxford ;
-- New York :
Name of publisher, distributor, etc. Oxford University Press,
Date of publication, distribution, etc. 2009.
300 ## - PHYSICAL DESCRIPTION
Extent lxxxix, 898 p. ;
Dimensions 25 cm.
Other physical details Index
650 #0 - SUBJECT ADDED ENTRY--TOPICAL TERM
Topical term or geographic name entry element Administrative law
Geographic subdivision Great Britain.
700 1# - ADDED ENTRY--PERSONAL NAME
Personal name The Late Sir William Wade QC, LLD, LittD (Hon), FBA
700 1# - ADDED ENTRY--PERSONAL NAME
Personal name Forsyth, C. F. BSC, LLB (Natal), LLB, PhD (Cantab)
856 42 - ELECTRONIC LOCATION AND ACCESS
Materials specified Contributor biographical information
Uniform Resource Identifier <a href="http://www.loc.gov/catdir/enhancements/fy0916/2009016251-b.html">http://www.loc.gov/catdir/enhancements/fy0916/2009016251-b.html</a>
856 42 - ELECTRONIC LOCATION AND ACCESS
Materials specified Publisher description
Uniform Resource Identifier <a href="http://www.loc.gov/catdir/enhancements/fy0916/2009016251-d.html">http://www.loc.gov/catdir/enhancements/fy0916/2009016251-d.html</a>
856 41 - ELECTRONIC LOCATION AND ACCESS
Materials specified Table of contents only
Uniform Resource Identifier <a href="http://www.loc.gov/catdir/enhancements/fy1214/2009016251-t.html">http://www.loc.gov/catdir/enhancements/fy1214/2009016251-t.html</a>
942 ## - ADDED ENTRY ELEMENTS (KOHA)
Source of classification or shelving scheme Library of Congress Classification
Koha item type Books
Edition Tenth Ed.
Suppress in OPAC No
999 ## -
-- 561
-- 561
Holdings
Withdrawn status Lost status Source of classification or shelving scheme Damaged status Not for loan Collection Home library Current library Shelving location Date acquired Total checkouts Full call number Barcode Date last seen Copy number Price effective from Koha item type
    Library of Congress Classification     Non-fiction Law Library (Christ Temple) Law Library (Christ Temple) General stacks 02/17/2025   KD4879.W3 WAD LLCT00000425 02/17/2025 3 02/17/2025 Books
    Library of Congress Classification     Non-fiction Law Library (Miotso) Law Library (Miotso) General stacks 11/02/2024   KD4879.W3 WAD llm00000572 11/02/2024 1 11/02/2024 Books
    Library of Congress Classification     Non-fiction Law Library (Miotso) Law Library (Miotso) General stacks 11/02/2024   KD4879.W3 WAD llm00000573 11/02/2024 2 11/02/2024 Books
© 2023-2024 Copyright: Central University Libraries. All Rights Reserved | Created by: Mahone Tech Office